|
|
|
|
| LEADER |
01332nam a22003612i 4500 |
| 001 |
001478863 |
| 003 |
CZ BrMZK |
| 005 |
20160104160617.0 |
| 007 |
ta |
| 008 |
150710s1950 gw a er|||||||||||ger d |
| 040 |
|
|
|a PNA001
|b cze
|d BOA001
|e rda
|
| 072 |
|
7 |
|a 615
|x Farmacie. Farmakologie
|2 Konspekt
|9 14
|
| 080 |
|
|
|a 615:54
|2 MRF
|
| 080 |
|
|
|a 547:542.05
|2 MRF
|
| 080 |
|
|
|a (048.8)
|2 MRF
|
| 080 |
|
|
|a 615.07
|2 MRF
|
| 100 |
1 |
|
|a Winterfeld, Karl Anton,
|d 1891-1971
|7 skuk0005983
|4 aut
|
| 245 |
1 |
0 |
|a Praktikum der organisch-präparativen pharmazeutischen Chemie und Leitfaden der chemischen Arzneimittelanalyse /
|c von Karl Winterfeld
|
| 250 |
|
|
|a 3., umgearbeitet und erweitert Auflage
|
| 264 |
|
1 |
|a Dresden :
|b T. Steinkopff,
|c 1950
|
| 300 |
|
|
|a viii, 374 stran :
|b ilustrace
|
| 336 |
|
|
|a text
|b txt
|2 rdacontent
|
| 337 |
|
|
|a bez média
|b n
|2 rdamedia
|
| 338 |
|
|
|a svazek
|b nc
|2 rdacarrier
|
| 504 |
|
|
|a Obsahuje bibliografii a rejstřík
|
| 650 |
0 |
7 |
|a farmaceutická chemie
|7 ph114523
|2 czenas
|
| 650 |
0 |
7 |
|a organická chemie
|7 ph115600
|2 czenas
|
| 650 |
0 |
7 |
|a preparativní organická chemie
|7 ph124592
|2 czenas
|
| 650 |
0 |
7 |
|a laboratorní technika
|7 ph122168
|2 czenas
|
| 910 |
|
|
|a BOA001
|b 2-0276.118
|
| 990 |
|
|
|a BK
|
| 991 |
|
|
|b 201507
|
| 996 |
7 |
|
|b 2618884749
|c 2-0276.118
|l MZK
|r Sklad / do 24 hodin
|n 0
|w 001513978
|u 000010
|a 1
|e BOA001
|j MZK50
|s A
|